Score 0/20 Timer 03:00
1 Play Today
Hint Answer % Correct
DLIW STEWWild West
94%
NEB NILKRAFNBen Franklin
92.2%
DALN FO HET REEFLand of the Free
90.7%
DOGL SHURGold Rush
90.4%
HJON SMAADJohn Adams
88.7%
THIWE EHSOUWhite House
87.9%
YIFFT TASSETFifty States
86.3%
DABL GALEEBald Eagle
86%
TALIEDRACON FO NECPENIDENDEDeclaration of Independence
84.9%
MOSTHA SEFEFRJONThomas Jefferson
84.9%
Hint Answer % Correct
TEENESEVN TEYSEVN XISSeventeen Seventy Six
80.3%
DRAGN YACNNOGrand Canyon
75.7%
REGGOE HANGONWISTGeorge Washington
73.8%
GANIRAA SLALFNiagara Falls
73.5%
HABMARA CONLILNAbraham Lincoln
72.4%
HOJN LIPIHP ASSOUJohn Philip Sousa
69.2%
E BUSPLURI MUUNE Pluribus Unum
64.7%
TRICSDIT FO IMUCALBODistrict of Columbia
54.6%
LINE GARNROSMTNeil Armstrong
41.4%
STFAMINE STYDEINManifest Destiny
35.2%

You're not logged in!

Compare scores with friends on all Sporcle quizzes.
OR
Log In

Sporcle TV

Today on Sporcle TV


Watch our educational content, quiz creation guides, and fun videos on Sporcle TV.

Show Comments

Extras

Top Quizzes Today


Score Distribution

Your Account Isn't Verified!

In order to create a playlist on Sporcle, you need to verify the email address you used during registration. Go to your Sporcle Settings to finish the process.

Report this User

Report this user for behavior that violates our Community Guidelines.

Details: